000 00449pab a2200169 454500
008 180718b1968 xxu||||| |||| 00| 0 eng d
100 _aTown & Country Planning Organization
245 _aLand use patterns of India's cities & towns
260 _c1968
300 _ap.606-651.
362 _aJul-Sep
650 _aLand use - India
650 _aLand use
773 _aIndian Journal of Public Administration
908 _aN
909 _a100147
999 _c100146
_d100146